00852cas a22002537a 450000500170000000800410001701000100005801100100006803500100007824501200008826001050020830000070031331000150032036200160033550000510035165000570040286600230045986600160048286600190049886600190051786600190053686600190055586600240057420220329142108.0990621d1948 es qr pernn 0 uub1spa d a78363 a79335 a8955100aBoletín Bibliográfico Agrícolac/por Ministerio de Agricultura. Dirección General de Capacitación Agraria0 aMadrid, España :bMinisterio de Agricultura. Dirección General de Capacitación Agraria,c1948- av. aTrimestral1 an. 63, 1969 aSe dejó de recibir a partir de mayo de 1969.14aAgriculturaxBibliografiaxPublicaciones periodicas. an.1-10 (1948-1949) an.12 (1950) an.15-16 (1951) an.19,21 (1952) an.23-25 (1953) an.27-28 (1954) an.45-63 (1958-1969)